000 00289nam a2200097Ia 4500
082 _a658.3125 ASSE
245 0 _aAssessment centres : unlocking potential for growth
100 _a Roodt, Gert Randburg, South Africa, 2008
942 _cBK
008 210817s9999 xx 000 0 und d
999 _c215517
_d215516